| 000 | 00877nam a22002417a 4500 | ||
|---|---|---|---|
| 999 |
_c65526 _d65526 |
||
| 005 | 20240530110829.0 | ||
| 008 | 190903s2001 ua a g b 000 0 ara d | ||
| 017 |
_a2001/5288 _bمصر. دار الكتب |
||
| 040 |
_aEG-CaGPL _cEG-CaGPL |
||
| 082 | 0 | 4 |
_221 _a239.8\ _bع م |
| 100 | 0 | _aعبدالعزيز الشناوى | |
| 245 | 1 | 0 |
_aماساة احفاد الرسول صلى الله عليه وسلم / _cعبدالعزيز الشناوى ؛ تحقيق كامل عويضة |
| 250 | _aط.1 | ||
| 260 |
_aالقاهرة : _c2001 |
||
| 300 |
_a256 ص. ؛ _c24 سم. |
||
| 650 | 0 | 7 |
_2qrmak _aالسيرة النبوية |
| 650 | 0 | 7 |
_aاخلاق الرسول _2qrmak |
| 650 | 0 | 7 |
_aالسيرة النبوية _xاهل البيت |
| 651 | _2qrmak | ||
| 700 | 0 |
_aكامل عويضة _eمحقق |
|
| 942 |
_2ddc _cBK |
||